تخطي إلى المحتوى

Вестник РГГУ. Серия "Информатика. Информационная безопасность. Математика", 2020, № 3 научный журнал

محفوظ في:
التفاصيل البيبلوغرافية
التنسيق: Журнал
الوصول للمادة أونلاين:https://znanium.com/catalog/document?id=374478
https://znanium.com/cover/1248/1248679.jpg
الوسوم: إضافة وسم
لا توجد وسوم, كن أول من يضع وسما على هذه التسجيلة!
LEADER 01502nam0a2200253 i 4500
001 RU\infra-m\znanium\bibl\1248679
003 https://znanium.com/catalog/document?id=374478
005 20250626000000.0
100 |a 20250626d2021 m y0rusy0150 ca 
101 0 |a rus 
102 |a RU 
200 1 |a Вестник РГГУ. Серия "Информатика. Информационная безопасность. Математика", 2020, № 3  |e научный журнал  |e Журнал 
210 1 |a Москва  |c Федеральное государственное бюджетное образовательное учреждение высшего профессионального образования "Российский государственный гуманитарный университет"  |d 2020 
215 |a 106 с. 
333 |a ВО - Магистратура 
606 |a Информатика. Вычислительная техника  |x Общая информатика  |2 local 
608 |a Журнал  |2 local 
675 |a 004  |z rus 
675 |a 51  |z rus 
686 |a 221  |2 rubbk 
686 |a 3297  |2 rubbk 
801 0 |a RU  |b Общество с ограниченной ответственностью «ЗНАНИУМ»  |c 20210217  |2 rusmarc 
856 4 |a znanium.com  |m ebs_support@infra-m.ru  |n НИЦ ИНФРА-М  |u https://znanium.com/catalog/document?id=374478 
856 4 1 |a znanium.com  |d /cover/1248  |f 1248679.jpg  |q image/jpeg  |u https://znanium.com/cover/1248/1248679.jpg